[Event "Stay Safe Play From Home 238"]
[Site "Emanuel Lasker Arena"]
[Date "2020.06.19"]
[Round "5"]
[White "Broken sword"]
[Black "Mepe_Nika"]
[Result "1-0"]
[WhiteElo "2368"]
[BlackElo "2413"]
[Annotator "TA"]
[PlyCount "127"]
[EventDate "2020.06.19"]
[EventType "swiss (blitz)"]

{[%evp 10,127,24,-7,-6,-6,0,-2,9,13,22,9,12,-14,0,0,0,0,8,-22,-21,-32,-8,-12,0,0,6,-12,21,-19,0,-80,16,-250,49,-325,-113,-122,9,22,52,29,42,61,41,13,33,0,33,0,17,0,0,0,0,0,100,72,70,38,1157,1165,1162,1145,1007,1068,1052,987,554,-59,-59,-59,-59,-59,0,0,0,0,0,0,0,0,0,0,0,0,0,0,0,0,0,0,0,0,0,0,0,0,0,0,0,0,0,0,0,0,0,0,0,0,29978,29979,29980,29981,29985,29986,29986,29987,29987,29988]} 1. e4 e5 2. Nf3 Nc6 3. Bb5 a6 4. Bxc6 dxc6 5. O-O Bd6 6. d3 Ne7 {C68: Ruy Lopez: Exchange Variation, sidelines.} 7. Nbd2 Be6 {[#]} 8. Nc4 $146 ({Predecessor:} 8. Ng5 Qd7 9. b3 O-O 10. c4 Bg4 11. Ndf3 f6 12. h3 Bh5 13. g4 Bxg4 14. hxg4 Qxg4+ {0-1 (35) Beaver,M-Coffield,A IECC email 1997}) 8... Bxc4 {The position is equal.} (8... f6 {looks sharper.} 9. Be3 c5 10. a3 O-O 11. c3 Qe8) 9. dxc4 c5 10. b3 Nc6 11. Bb2 Nd4 12. Ne1 Qe7 13. Nd3 O-O 14. Bxd4 cxd4 15. Qe2 c5 16. Rac1 b5 17. Nb2 b4 18. Na4 Rae8 19. Rfe1 f5 20. exf5 (20. f3 $11) 20... Rxf5 ({Better is} 20... e4 $1 $17 21. Qg4 Qe5) 21. f3 $2 {[%mdl 8192] [#]} (21. Qe4 $1 $11 {and White has nothing to worry.} Rf4 22. Qd5+ Qe6 23. Qxe6+ Rxe6 24. Nb6) 21... Qh4 $2 (21... e4 $1 $19 {[%mdl 512]} 22. g3 (22. Qxe4 Bxh2+) 22... Qg5) 22. Qf2 $2 {[%mdl 8192]} (22. Qe4 $1 $14 {was forced to keep a grip.} Qxe4 23. Rxe4) 22... Qxf2+ $2 (22... Qh6 $19 23. g3 Ref8) 23. Kxf2 $17 g5 (23... e4 $1 $17 24. Kg1 e3) 24. Re4 $11 Rf4 25. Rce1 Rxe4 26. Rxe4 {[%mdl 4096] Endgame KRB-KRN} Kf7 27. Nb6 Ke6 28. Ke2 a5 29. h3 h5 30. Kd3 Rg8 31. Na4 Kf5 32. Nb2 g4 (32... Rh8 $11 {keeps the balance.}) 33. hxg4+ $16 hxg4 34. fxg4+ Rxg4 $2 {[%mdl 8192]} (34... Ke6 $14) 35. Rxg4 $18 Kxg4 $16 {KB-KN} 36. Ke4 Kg3 37. Nd3 Kxg2 38. Nxe5 Kf2 39. Nf7 $2 (39. Kd5 $18 Bc7 40. Nd3+ Ke3 41. Nxc5) 39... Be7 $1 $15 {Strongly threatening ...Ke2.} 40. Kd3 $1 Ke1 $1 41. Ne5 Kd1 (41... Bd6 $15 42. Nf7 Bc7) 42. Nc6 $11 Bf8 43. Nxa5 Kc1 44. Nc6 Kb2 45. Nd8 Kxa2 46. Ne6 Bd6 47. Ng7 Kb2 48. Nf5 Bf8 49. Ng3 Kc1 50. Ne4 Kd1 51. Nf6 Ke1 52. Nd7 Be7 53. Ne5 Kf2 54. Nc6 Bd6 55. Na7 Kg3 56. Nb5 Bf8 57. Ke4 Kf2 58. Kd3 Kg3 59. Nc7 Kf4 $2 {[%mdl 8192]} (59... Kf2 $11) 60. Ne6+ {[%mdl 64] Double Attack. White mates.} Ke5 61. Nxf8 Kf6 62. Nd7+ {[%mdl 64] Double Attack} Ke7 63. Nxc5 Kd6 64. Kxd4 {Both players deserved the win here. Accuracy: White = 71%, Black = 68%.} 1-0

[Event "Stay Safe Play From Home 238"]
[Site "Emanuel Lasker Arena"]
[Date "2020.06.19"]
[Round "5"]
[White "MarkonY"]
[Black "Tolka"]
[Result "1-0"]
[WhiteElo "2331"]
[BlackElo "2197"]
[Annotator "TA"]
[PlyCount "101"]
[EventDate "2020.06.19"]
[EventType "swiss (blitz)"]

{[%evp 9,100,31,41,10,22,0,7,8,17,0,0,0,0,0,40,6,7,-13,-18,-24,0,-62,-50,-71,-18,-68,0,-82,-25,-85,0,-7,91,22,45,22,103,35,118,16,143,139,131,113,195,147,252,252,242,201,284,275,399,169,187,181,225,207,202,19,202,200,195,183,1022,285,493,484,1192,1170,1070,584,615,611,960,964,29984,29974,29992,29990,29990,29987,29993,29994,29994,29993,29995,29996,29996,29997,29997,29998,29999]} 1. d4 d5 2. c4 e6 3. Nc3 c6 4. e3 f5 5. Nf3 Nf6 6. h3 {A85: Dutch Defence: 2 c4 Nf6 3 Nc3.} Bd6 7. Be2 {[#]} b6 $146 ({Predecessor:} 7... O-O 8. Ne5 Nbd7 9. Nxd7 Bxd7 10. Qb3 Rb8 11. Bd2 Ne4 12. h4 Qf6 13. Bf3 b5 14. c5 Bc7 {1-0 (41) Valentik,R (1880)-Knaperek,P (1904) Ruzomberok 2016}) 8. O-O {The position is equal.} Bb7 9. b3 Nbd7 10. Bb2 O-O 11. a4 Qe7 12. Qc2 a5 13. Nd1 Ne4 14. Ne5 Rf6 15. f3 (15. Nc3 $11) 15... Ng3 $15 16. Re1 Nxe2+ (16... Bxe5 $17 17. dxe5 Nxe2+ 18. Rxe2 Rg6) 17. Qxe2 Raf8 (17... Bxe5 $1 $15 18. dxe5 Rg6) 18. f4 (18. Nf2 $11) 18... Rh6 (18... Bb4 $17 19. cxd5 Nxe5 20. dxe5 (20. fxe5 Rg6 $17) 20... Rg6) 19. Nf2 (19. cxd5 $11 exd5 20. Rf1) 19... Nf6 (19... Nxe5 $17 20. fxe5 Bb4) 20. cxd5 cxd5 (20... Nxd5 $11 {keeps the balance.} 21. Nfd3 Ba6) 21. Rec1 (21. Qb5 $1 $16) 21... Ne4 $11 22. Nxe4 fxe4 (22... dxe4 $11 23. Qb5 g5) 23. Rf1 (23. Qb5 $16) 23... Rhf6 {[#]} (23... Ra8 $14) 24. Rac1 ({White should play} 24. Qb5 $1 $16) 24... Bxe5 (24... Ra8 $11 {remains equal.}) 25. dxe5 $16 R6f7 26. Bd4 Qd8 (26... Qb4 $16) 27. Rc3 Qa8 (27... Bc8 $16 28. Rfc1 Bd7) 28. Rfc1 $18 Ba6 29. Qb2 Bd3 (29... g5 {was worth a try.} 30. Rc6 gxf4 31. exf4 Bc8) 30. Qa3 ({Resist} 30. Bxb6 $6 g5 $18) 30... g5 (30... Qd8 $142 31. Qd6 Qxd6 32. exd6 h6 33. Bxb6 Rd7 34. Bxa5 d4) 31. g3 (31. Qd6 $142) 31... gxf4 32. exf4 Rg7 33. Kh2 {Qd6 is the strong threat.} Qe8 {[#]} 34. Rc7 $2 ({Not} 34. Bxb6 Qh5 $16) ({White should try} 34. Qd6 $1 $18 {Black must now prevent Rc8.} Qg6 35. Bf2) 34... Qg6 $2 {This costs Black the game.} (34... Rxc7 $11 35. Rxc7 Qh5) 35. Rxg7+ Qxg7 36. Qd6 h5 $2 (36... Qh6 37. Bxb6 (37. Qxb6 e3 $16) 37... e3) 37. Be3 $2 (37. Qxe6+ Qf7 38. Qh6) 37... h4 $2 (37... Qg6 {is a better defense.} 38. Qxb6 Kh8 39. Qxa5 Rg8) 38. Qxe6+ Rf7 (38... Kh7 $142 39. gxh4 d4) 39. Rc8+ Kh7 40. Qg4 {White wants to mate with Qh5+.} Qxg4 41. hxg4 hxg3+ 42. Kxg3 {[%mdl 4096] Endgame KRB-KRB} d4 43. Bxd4 {White mates.} Bc2 44. Rxc2 e3 45. Bxe3 Rxf4 46. Bxf4 Kg6 47. Re2 b5 48. e6 bxa4 49. e7 axb3 50. e8=Q+ Kh7 51. Re7# {Accuracy: White = 49%, Black = 25%.} 1-0

[Event "Stay Safe Play From Home 238"]
[Site "Emanuel Lasker Arena"]
[Date "2020.06.19"]
[Round "5"]
[White "Lamborghini"]
[Black "Chase the sun"]
[Result "0-1"]
[WhiteElo "2265"]
[BlackElo "1807"]
[Annotator "TA"]
[PlyCount "70"]
[EventDate "2020.06.19"]
[EventType "swiss (blitz)"]

{[%evp 10,70,5,16,0,-51,-47,-40,-35,-23,-23,-33,45,0,97,0,51,-5,0,-1,41,28,62,34,65,57,87,86,194,58,171,113,208,209,305,297,703,697,679,687,720,688,732,705,780,756,5435,2893,5431,959,29995,29991,29995,29995,29995,29996,29997,29996,29996,29997,29997,29998,29998]} 1. e4 e6 2. d4 d5 3. Nc3 Bb4 4. e5 Ne7 5. Bd2 b6 6. Qg4 O-O {[#] C16: French: 3 Nc3 Bb4 4 e5: Lines without ...c5.} 7. Bh6 $146 (7. Nf3 $11) ({Predecessor:} 7. h4 c5 8. Nf3 Nbc6 9. Bd3 f5 10. Qg3 Nxe5 11. dxe5 {½-½ (11) Gashimov,V (2758)-Socko,B (2643) Warsaw 2009}) 7... Nf5 $15 8. Bg5 Be7 {Black is slightly better.} 9. Bxe7 Qxe7 10. Bd3 f6 (10... c5 $15 11. Nf3 Nxd4 12. Bxh7+ Kxh7 13. Ng5+ Kg8) 11. Nf3 (11. Bxf5 $5 exf5 12. Qg3 $11 (12. Nxd5 Qd8 $11)) 11... c5 (11... fxe5 $11 12. dxe5 (12. Nxe5 Nd7 $11) 12... c5) 12. O-O-O ({Better is} 12. Bxf5 $1 $16 exf5 13. Qh4 (13. Nxd5 $2 Qd7 $19)) 12... cxd4 {[#]} (12... fxe5 $11 13. dxe5 Nc6) 13. Nb5 (13. Nxd5 $1 $14 {[%mdl 512]} exd5 14. Bxf5 Bxf5 15. Qxf5) 13... fxe5 $11 14. Nxe5 Nd7 15. Rhe1 Nxe5 16. Rxe5 a6 17. Nxd4 Nxd4 {Black is on the road to losing.} 18. Qxd4 Bd7 {[#]} (18... Qf6 $16 {might work better.}) 19. Rde1 (19. Qxb6 $6 Rab8 $14) (19. Qxd5 $1 $18 {[%mdl 512] Qe4 is the strong threat.} g6 (19... exd5 20. Rxe7) 20. Bxg6 exd5 21. Rxe7 hxg6 22. Rxd7) 19... Rac8 {[#]} (19... Qc5 $14 20. Qxc5 bxc5) 20. f4 ({Worse is} 20. Bxa6 Qc5 $11) (20. Qxb6 $6 Qh4 $14) (20. Rxd5 $1 $18 {[%mdl 512]} Bb5 (20... exd5 21. Rxe7) 21. f3 (21. Bxb5 Qc7 $11 {[%mdl 64] Double Attack}) (21. Qxb6 Qf6 $16)) 20... b5 {[#]} (20... Qd6 $16 {was called for.}) 21. f5 $1 $18 {[%mdl 512]} Qg5+ (21... Qc5 $142 22. Qxc5 Rxc5 23. fxe6 Bc8) (21... exf5 22. Rxe7) 22. Kb1 exf5 $2 (22... Qe7 23. g4 (23. fxe6 Bc6 $18) 23... Bc6) 23. Qxd5+ {[%mdl 64] Double Attack} Kh8 24. Qxd7 Qd2 25. R5e2 Qb4 26. Qe6 a5 27. Bxf5 a4 28. a3 Qc5 29. Bd3 h6 30. Qe4 {[%csl Gd3][%cal Re4h7] White mates.} Qxc2+ 31. Bxc2 {[%csl Gc2][%cal Re4h7]} g6 32. Qxg6 {[%csl Gc2][%cal Rg6h7]} Rc7 33. Re7 Rxe7 34. Rxe7 {[%csl Gc2,Ge7][%cal Rg6h7]} Rf1+ 35. Ka2 {[%csl Gc2,Ge7][%cal Rg6h7]} Rf7 {[%mdl 32768] Accuracy: White = 59%, Black = 19%. . Loss on time!?} 0-1

[Event "Stay Safe Play From Home 238"]
[Site "Emanuel Lasker Arena"]
[Date "2020.06.19"]
[Round "5"]
[White "Toosieslide"]
[Black "SoulofWolf"]
[Result "1-0"]
[WhiteElo "2224"]
[BlackElo "2159"]
[Annotator "TA"]
[PlyCount "81"]
[EventDate "2020.06.19"]
[EventType "swiss (blitz)"]

{[%evp 10,80,12,13,89,110,127,139,226,137,197,185,189,191,208,186,241,216,264,260,345,308,303,295,329,281,642,55,61,60,70,74,80,-185,-183,-185,-185,-202,-41,-40,-11,-16,0,-324,0,0,146,137,140,143,247,246,288,265,211,160,188,135,105,65,187,159,777,776,761,745,29966,29967,29964,6203,29992,29993,29999]} 1. d4 d5 2. c4 e6 3. Nc3 Nf6 4. cxd5 exd5 5. Bg5 Be7 6. e3 Ne4 {D35: Queen's Gambit Declined: Exchange Variation.} (6... h6 $11 7. Bxf6 Bxf6) 7. Bxe7 $16 Qxe7 8. Nxd5 Qd7 {[#]} (8... Qd6 $16) 9. Nc3 $146 ({Predecessor:} 9. Qh5 c6 10. Qe5+ Kd8 11. Qxg7 Qe8 12. Nf6 Nxf6 13. Qxf6+ Kc7 14. Qf4+ Kd8 15. Qg5+ {1-0 (30) Curry,S (1906)-Yloenen,O (1686) ICCF email 2010}) 9... Nd6 (9... Nxc3 $16 10. bxc3 Qc6) 10. Nf3 O-O 11. Bd3 Re8 12. O-O Nc6 (12... Qd8 $142 13. h3 Bf5 14. Bxf5 Nxf5) 13. Rc1 f5 14. Re1 Ne4 15. Bxe4 fxe4 16. Nd2 Qf5 17. Qc2 Nb4 $2 (17... Be6 18. a3 (18. Qxe4 Qxe4 19. Ndxe4 Bxa2 $16) (18. Ncxe4 Nb4 $16) 18... Rad8 19. Ncxe4 Bd5) 18. Qb1 $2 ({White has to play} 18. Qb3+ $18 Qf7 19. Qxb4) 18... Nd3 $14 {[#]} 19. Ndxe4 $1 {[%mdl 512]} Nxe1 (19... Rxe4 20. Qxd3) 20. Rxe1 Bd7 21. Qd1 $2 {[%mdl 8192]} (21. f3 $16) 21... Rxe4 $19 22. Nxe4 Qxe4 23. Qb3+ Qe6 $2 ({Better is} 23... Be6 $19 24. Qc3 c6) 24. Qxb7 $15 {[%mdl 64] Double Attack} Rc8 25. Qxa7 Bc6 {White must now prevent ...Qg4!} 26. b3 $2 {[%mdl 8192] [#]} (26. Qc5 $11 {and White stays safe.}) 26... Qd5 $2 (26... Qg4 $1 $19 {[%csl Gc6][%cal Rg4g2][%mdl 512]} 27. d5 Bxd5) 27. e4 Qd7 {[#]} (27... Qd6 $11) 28. d5 $1 $16 {[%cal Rd5c6]} Bb5 29. a4 Bd3 (29... c5 $16 {might work better.} 30. Qb6 Bd3) 30. Re3 $18 Bc2 31. Qc5 Bd1 32. f3 {Qd4 is the strong threat.} Rb8 33. Qc4 (33. a5 $18) 33... Qd6 $16 34. e5 $36 {[%mdl 2048] White is pushing.} Qb4 (34... Qb6 $14 35. d6+ Kh8) 35. Qxc7 $18 Qb6 $2 (35... Bxb3 $16 36. d6 Rf8) 36. Qxb6 Rxb6 37. d6 Bxb3 38. d7 Rb8 {[#]} 39. e6 (39. Rxb3 $142 $1 {[%mdl 512]} Rd8 (39... Rxb3 40. d8=Q+) 40. Rb7 Kf7 41. a5 Ke6 42. a6 Kxe5 43. a7 Kd6 44. Rb8 Kxd7 45. Rxd8+ Kxd8 46. a8=Q+ Ke7 47. Qe4+ Kf6 48. Qxh7) 39... Rd8 40. e7 Rxd7 41. e8=Q# {Accuracy: White = 57%, Black = 24%.} 1-0

[Event "Stay Safe Play From Home 238"]
[Site "Emanuel Lasker Arena"]
[Date "2020.06.19"]
[Round "5"]
[White "Greblah"]
[Black "Bishop91"]
[Result "0-1"]
[WhiteElo "1910"]
[BlackElo "1644"]
[Annotator "NA RC"]
[PlyCount "110"]
[EventDate "2020.06.19"]
[EventType "swiss (blitz)"]

1. e4 {[%emt 0:00:01]} e5 {[%emt 0:00:01]} 2. Nf3 {[%emt 0:00:01]} Nc6 {[%emt 0:00:01]} 3. Bb5 {[%emt 0:00:00]} a6 {[%emt 0:00:01]} 4. Ba4 {[%emt 0:00:01]} b5 {[%emt 0:00:01]} 5. Bb3 {[%emt 0:00:00]} Nf6 {[%emt 0:00:01]} 6. Qe2 {[%emt 0:00:02]} Be7 {[%emt 0:00:01]} 7. c3 {[%emt 0:00:01]} O-O {[%emt 0:00:00]} 8. d3 {[%emt 0:00:01]} d5 {[%emt 0:00:02]} 9. Nbd2 {[%emt 0:00:02]} dxe4 {[%emt 0:00:01]} 10. dxe4 {[%emt 0:00:01]} Na5 {[%emt 0:00:04]} 11. Bc2 {[%emt 0:00:03]} Bd6 {[%emt 0:00:01]} 12. Nf1 {[%emt 0:00:01]} Bb7 {[%emt 0:00:01]} 13. Bg5 {[%emt 0:00:02]} h6 {[%emt 0:00:01]} 14. Bh4 {[%emt 0:00:01]} g5 {[%emt 0:00:02]} 15. Bg3 {[%emt 0:00:01]} Nh5 {[%emt 0:00:02]} 16. N1d2 {[%emt 0:00:02]} Nf4 {[%emt 0:00:02]} 17. Bxf4 {[%emt 0:00:01]} exf4 {[%emt 0:00:01]} 18. g3 {[%emt 0:00:01]} Re8 {[%emt 0:00:02]} 19. gxf4 {[%emt 0:00:02]} Bxf4 {[%emt 0:00:01]} 20. O-O {[%emt 0:00:03]} Qd6 {[%emt 0:00:04]} 21. Kg2 {[%emt 0:00:02]} Rad8 {[%emt 0:00:02]} 22. Rad1 {[%emt 0:00:02]} Qg6 {[%emt 0:00:02]} 23. Nb3 {[%emt 0:00:02]} Nxb3 {[%emt 0:00:02]} 24. Bxb3 {[%emt 0:00:02]} Bxe4 {[%emt 0:00:02]} 25. Rxd8 {[%emt 0:00:04]} Rxd8 {[%emt 0:00:01]} 26. a4 {[%emt 0:00:03]} Re8 {[%emt 0:00:01]} 27. Qd1 {[%emt 0:00:02]} Bxf3+ {[%emt 0:00:01]} 28. Qxf3 {[%emt 0:00:01]} h5 {[%emt 0:00:02]} 29. axb5 {[%emt 0:00:01]} axb5 {[%emt 0:00:01]} 30. Qd5 {[%emt 0:00:01]} Qe4+ {[%emt 0:00:04]} 31. Qxe4 {[%emt 0:00:01]} Rxe4 {[%emt 0:00:00]} 32. f3 {[%emt 0:00:01]} Re2+ {[%emt 0:00:01]} 33. Rf2 {[%emt 0:00:00]} Rxf2+ {[%emt 0:00:01]} 34. Kxf2 {[%emt 0:00:01]} g4 {[%emt 0:00:00]} 35. fxg4 {[%emt 0:00:02]} hxg4 {[%emt 0:00:00]} 36. Kg2 {[%emt 0:00:01]} Kg7 {[%emt 0:00:00]} 37. Bc2 {[%emt 0:00:01]} f6 {[%emt 0:00:01]} 38. Bd3 {[%emt 0:00:00]} Kf7 {[%emt 0:00:01]} 39. Be2 {[%emt 0:00:00]} Ke7 {[%emt 0:00:00]} 40. Bxg4 {[%emt 0:00:01]} Kd6 {[%emt 0:00:00]} 41. Be2 {[%emt 0:00:00]} Kc5 {[%emt 0:00:01]} 42. h4 {[%emt 0:00:01]} c6 {[%emt 0:00:00]} 43. h5 {[%emt 0:00:00]} Bh6 {[%emt 0:00:01]} 44. Kf3 {[%emt 0:00:00]} Bg5 {[%emt 0:00:01]} 45. Bd3 {[%emt 0:00:01]} Bh6 {[%emt 0:00:01]} 46. Bg6 {[%emt 0:00:00]} Bg5 {[%emt 0:00:01]} 47. Ke4 {[%emt 0:00:00]} Bh6 {[%emt 0:00:00]} 48. Kf5 {[%emt 0:00:01]} Bg5 {[%emt 0:00:00]} 49. h6 {[%emt 0:00:00]} Kd6 {[%emt 0:00:01]} 50. h7 {[%emt 0:00:01]} Bh6 {[%emt 0:00:01]} 51. h8=Q {[%emt 0:00:00]} Bg5 {[%emt 0:00:01]} 52. Qxf6+ {[%emt 0:00:00]} Kc5 {[%emt 0:00:00]} 53. Qxg5 {[%emt 0:00:01]} Kb6 {[%emt 0:00:00]} 54. Qe7 {[%emt 0:00:00]} Ka5 {[%emt 0:00:00]} 55. Qb4+ {[%emt 0:00:01]} Kb6 {[%emt 0:00:00] Zeit (Lag: Av=0.28s, max=0.6s)} 0-1

[Event "Stay Safe Play From Home 238"]
[Site "Emanuel Lasker Arena"]
[Date "2020.06.19"]
[Round "5"]
[White "Robk"]
[Black "Weltszmerc"]
[Result "0-1"]
[WhiteElo "1675"]
[BlackElo "2181"]
[Annotator "TA"]
[PlyCount "62"]
[EventDate "2020.06.19"]
[EventType "swiss (blitz)"]

{[%evp 9,62,-138,-55,-62,-60,-134,-143,-138,-137,-150,-104,-110,-98,-183,-176,-182,-174,-175,-188,-182,-165,-237,-205,-201,-194,-193,-187,-287,-292,-341,-322,-289,-279,-270,-271,-278,-269,-792,-844,-739,-685,-1375,-1369,-1260,-1183,-1789,-1707,-1387,-668,-2889,-2753,-5489,-2955,-12823,-5806]} 1. e4 Nf6 2. Nc3 d5 3. d4 Nxe4 4. Nxe4 dxe4 5. Qe2 f5 {[#]} (5... Qxd4 $17 {aiming for ...e5.} 6. f3 Nd7) 6. c3 $146 {D00: 1 d4 d5: Unusual lines.} ({Predecessor:} 6. Qh5+ g6 7. Qd1 Nc6 8. Ne2 Bg7 9. c3 O-O 10. Qb3+ Kh8 11. Bd2 Qd6 12. O-O-O Na5 {0-1 (46) Kozharinov,S (1849)-Streltsov,O Tambov 2017}) 6... c5 7. Be3 {[#]} (7. dxc5 $15 e5 8. b4) 7... cxd4 $1 $17 8. Bxd4 {Black is clearly better.} Nc6 9. O-O-O {Threatens to win with Bxg7!} Nxd4 10. Rxd4 Qa5 11. Kb1 (11. Qb5+ $17 Qxb5 12. Bxb5+ Kf7 13. Nh3) 11... e5 $19 12. Rd1 Be6 13. Qb5+ Qxb5 14. Bxb5+ Kf7 15. Ne2 (15. f3 $142) 15... a6 16. Ba4 Be7 17. Bb3 Rhd8 18. Rxd8 (18. Nc1 $142) 18... Rxd8 19. Kc2 Bxb3+ 20. axb3 {[%mdl 4096] Endgame KRB-KRN} Ke6 21. Rd1 Rxd1 22. Kxd1 {KB-KN} Bc5 23. Kc2 $2 {[#]} (23. Ke1) 23... Bxf2 {Black is clearly winning.} 24. c4 a5 25. h3 f4 26. Nc3 Kf5 27. Nd1 Bc5 28. Nc3 e3 (28... f3 $142 29. gxf3 exf3) 29. Nd5 e4 30. Kd1 f3 31. gxf3 exf3 {Accuracy: White = 30%, Black = 86%.} 0-1

[Event "Stay Safe Play From Home 238"]
[Site "Emanuel Lasker Arena"]
[Date "2020.06.19"]
[Round "5"]
[White "Trotsky"]
[Black "Germanicus G"]
[Result "0-1"]
[WhiteElo "1506"]
[BlackElo "1274"]
[Annotator "NA RC"]
[PlyCount "84"]
[EventDate "2020.06.19"]
[EventType "swiss (blitz)"]

1. d4 {[%emt 0:00:01]} e6 {[%emt 0:00:01]} 2. e3 {[%emt 0:00:00]} b6 {[%emt 0:00:00]} 3. c4 {[%emt 0:00:01]} Bb7 {[%emt 0:00:00]} 4. Nc3 {[%emt 0:00:00]} Nf6 {[%emt 0:00:01]} 5. Qc2 {[%emt 0:00:00]} Bb4 {[%emt 0:00:01]} 6. f3 {[%emt 0:00:00]} Bxc3+ {[%emt 0:00:02]} 7. bxc3 {[%emt 0:00:01]} Nh5 {[%emt 0:00:00]} 8. Bd3 {[%emt 0:00:01]} Qh4+ {[%emt 0:00:04]} 9. Qf2 {[%emt 0:00:05]} Qxf2+ {[%emt 0:00:04]} 10. Kxf2 {[%emt 0:00:01]} d6 {[%emt 0:00:01]} 11. Bd2 {[%emt 0:00:01]} Nf6 {[%emt 0:00:02]} 12. Nh3 {[%emt 0:00:01]} Nbd7 {[%emt 0:00:01]} 13. Raf1 {[%emt 0:00:01]} O-O {[%emt 0:00:01]} 14. Ke1 {[%emt 0:00:01]} e5 {[%emt 0:00:01]} 15. d5 {[%emt 0:00:01]} Nc5 {[%emt 0:00:02]} 16. Bc2 {[%emt 0:00:01]} Ba6 {[%emt 0:00:03]} 17. e4 {[%emt 0:00:00]} Bxc4 {[%emt 0:00:02]} 18. Rf2 {[%emt 0:00:02]} Bxa2 {[%emt 0:00:01]} 19. f4 {[%emt 0:00:01]} Nfd7 {[%emt 0:00:03]} 20. fxe5 {[%emt 0:00:01]} Nxe5 {[%emt 0:00:01]} 21. Rhf1 {[%emt 0:00:02]} f6 {[%emt 0:00:01]} 22. g4 {[%emt 0:00:03]} Bc4 {[%emt 0:00:01]} 23. g5 {[%emt 0:00:01]} Bxf1 {[%emt 0:00:03]} 24. Rxf1 {[%emt 0:00:01]} fxg5 {[%emt 0:00:01]} 25. Nxg5 {[%emt 0:00:01]} Rxf1+ {[%emt 0:00:02]} 26. Kxf1 {[%emt 0:00:00]} h6 {[%emt 0:00:01]} 27. Nh3 {[%emt 0:00:02]} Rf8+ {[%emt 0:00:02]} 28. Ke2 {[%emt 0:00:01]} a5 {[%emt 0:00:01]} 29. Be3 {[%emt 0:00:01]} a4 {[%emt 0:00:02]} 30. Kd2 {[%emt 0:00:01]} a3 {[%emt 0:00:01]} 31. Bb1 {[%emt 0:00:02]} Nc4+ {[%emt 0:00:01]} 32. Kc2 {[%emt 0:00:02]} Nxe3+ {[%emt 0:00:00]} 33. Kd2 {[%emt 0:00:04]} Nc4+ {[%emt 0:00:01]} 34. Kc2 {[%emt 0:00:04]} Ra8 {[%emt 0:00:01]} 35. Ba2 {[%emt 0:00:02]} Nb2 {[%emt 0:00:02]} 36. Nf4 {[%emt 0:00:01]} Nxe4 {[%emt 0:00:02]} 37. Ne6 {[%emt 0:00:02]} Ra7 {[%emt 0:00:03]} 38. Nd4 {[%emt 0:00:02]} Na4 {[%emt 0:00:01]} 39. Nc6 {[%emt 0:00:01]} Ra8 {[%emt 0:00:03]} 40. Kb3 {[%emt 0:00:01]} Naxc3 {[%emt 0:00:01]} 41. Kc4 {[%emt 0:00:02]} Nxa2 {[%emt 0:00:01]} 42. Nb4 {[%emt 0:00:01]} Nc1 {[%emt 0:00:01] Âðåìÿ (Lag: Av=0.20s, max=0.6s)} 0-1

[Event "Stay Safe Play From Home 238"]
[Site "Emanuel Lasker Arena"]
[Date "2020.06.19"]
[Round "5"]
[White "Klasman"]
[Black "Grazie"]
[Result "0-1"]
[WhiteElo "1235"]
[BlackElo "1781"]
[Annotator "NA RC"]
[PlyCount "56"]
[EventDate "2020.06.19"]
[EventType "swiss (blitz)"]

1. f4 {[%emt 0:00:02]} e6 {[%emt 0:00:00]} 2. e4 {[%emt 0:00:01]} d5 {[%emt 0:00:00]} 3. e5 {[%emt 0:00:01]} c5 {[%emt 0:00:01]} 4. Nf3 {[%emt 0:00:01]} a6 {[%emt 0:00:00]} 5. b4 {[%emt 0:00:03]} cxb4 {[%emt 0:00:01]} 6. c3 {[%emt 0:00:02]} Nc6 {[%emt 0:00:01]} 7. cxb4 {[%emt 0:00:01]} Bxb4 {[%emt 0:00:01]} 8. Ba3 {[%emt 0:00:03]} Bxa3 {[%emt 0:00:01]} 9. Nxa3 {[%emt 0:00:02]} Bd7 {[%emt 0:00:01]} 10. d4 {[%emt 0:00:01]} Qa5+ {[%emt 0:00:04]} 11. Qd2 {[%emt 0:00:07]} Qxa3 {[%emt 0:00:01]} 12. Bd3 {[%emt 0:00:02]} Qb4 {[%emt 0:00:01]} 13. O-O {[%emt 0:00:03]} Qxd2 {[%emt 0:00:01]} 14. Nxd2 {[%emt 0:00:01]} Nge7 {[%emt 0:00:00]} 15. Nb3 {[%emt 0:00:02]} b6 {[%emt 0:00:02]} 16. g4 {[%emt 0:00:01]} h6 {[%emt 0:00:02]} 17. f5 {[%emt 0:00:01]} exf5 {[%emt 0:00:04]} 18. gxf5 {[%emt 0:00:01]} O-O {[%emt 0:00:03]} 19. Rae1 {[%emt 0:00:06]} a5 {[%emt 0:00:01]} 20. e6 {[%emt 0:00:02]} fxe6 {[%emt 0:00:01]} 21. fxe6 {[%emt 0:00:02]} Rxf1+ {[%emt 0:00:01]} 22. Bxf1 {[%emt 0:00:01]} Be8 {[%emt 0:00:01]} 23. Bh3 {[%emt 0:00:04]} a4 {[%emt 0:00:01]} 24. Nd2 {[%emt 0:00:03]} Nxd4 {[%emt 0:00:01]} 25. Nf1 {[%emt 0:00:02]} Nf3+ {[%emt 0:00:01]} 26. Kf2 {[%emt 0:00:02]} Nxe1 {[%emt 0:00:00]} 27. Kxe1 {[%emt 0:00:01]} d4 {[%emt 0:00:01]} 28. Kd2 {[%emt 0:00:01]} Bb5 {[%emt 0:00:01] Time (Lag: Av=0.37s, max=0.8s)} 0-1

[Event "Stay Safe Play From Home 238"]
[Site "Emanuel Lasker Arena"]
[Date "2020.06.19"]
[Round "5"]
[White "Mandy"]
[Black "Meini"]
[Result "0-1"]
[WhiteElo "1008"]
[BlackElo "1604"]
[Annotator "NA RC"]
[PlyCount "30"]
[EventDate "2020.06.19"]
[EventType "swiss (blitz)"]

1. d4 {[%emt 0:00:03]} c5 {[%emt 0:00:02]} 2. c3 {[%emt 0:00:03]} cxd4 {[%emt 0:00:02]} 3. Qxd4 {[%emt 0:00:04]} Nc6 {[%emt 0:00:00]} 4. Qd1 {[%emt 0:00:01]} d6 {[%emt 0:00:03]} 5. Bf4 {[%emt 0:00:03]} Bf5 {[%emt 0:00:01]} 6. Nd2 {[%emt 0:00:04]} Nf6 {[%emt 0:00:01]} 7. e3 {[%emt 0:00:01]} Ne4 {[%emt 0:00:02]} 8. Ngf3 {[%emt 0:00:02]} e6 {[%emt 0:00:03]} 9. h3 {[%emt 0:00:01]} Be7 {[%emt 0:00:01]} 10. Be2 {[%emt 0:00:07]} d5 {[%emt 0:00:01]} 11. O-O {[%emt 0:00:03]} O-O {[%emt 0:00:01]} 12. Bg5 {[%emt 0:00:08]} Bxg5 {[%emt 0:00:05]} 13. Nxg5 {[%emt 0:00:01]} Qxg5 {[%emt 0:00:01]} 14. g3 {[%emt 0:00:13]} Nxg3 {[%emt 0:00:04]} 15. fxg3 {[%emt 0:00:03]} Qxg3+ {[%emt 0:00:01] Zeit (Lag: Av=0.40s, max=0.8s)} 0-1